[Event "Manikyanagar Chanchal Dad Memorial"]
[Site "Manikyanagar"]
[Date "2024.07.25"]
[Round "4"]
[White "Babel, T Divyanshu"]
[Black "Choudhary, Prateek"]
[Result "1-0"]
[WhiteElo "1830"]
[BlackElo "1482"]
[PlyCount "67"]
[EventDate "2024.07.24"]
[EventType "swiss"]
[EventRounds "9"]
[EventCountry "IND"]
[SourceTitle "EXT 2025"]
[Source "ChessBase"]
[SourceDate "2024.10.14"]
[SourceVersion "1"]
[SourceVersionDate "2024.10.14"]
[SourceQuality "1"]

1. d4 Nf6 2. Nf3 d6 3. Nbd2 c6 4. e4 Qa5 5. c3 e5 6. Bd3 exd4 7. cxd4 Bg4 8. h3 Bh5 9. 0-0 Be7 10. Qb3 Qb6 11. Qc2 Bg6 12. Nc4 Qc7 13. Bf4 Qd8 14. Nxd6+ Bxd6 15. Bxd6 Qxd6 16. e5 Bxd3 17. Qxd3 Qe7 18. exf6 Qxf6 19. Rfe1+ Kd8 20. Ne5 Na6 21. d5 Nb4 22. Qb3 c5 23. a3 Re8 24. Nf3 Rxe1+ 25. Rxe1 a5 26. axb4 axb4 27. Qc2 b6 28. d6 Ra2 29. Qe4 Qe6 30. Qc6 Qd7 31. Qxb6+ Kc8 32. Qxc5+ Kd8 33. Qb6+ Kc8 34. Rc1+ 1-0